Central Library OPAC University of Rajshahi

Human genetics and its foundations / (Record no. 73008)

MARC details
000 -LEADER
fixed length control field 00852nam a2200265 4500
001 - CONTROL NUMBER
control field 73008
003 - CONTROL NUMBER IDENTIFIER
rucl marc code BD-RjUL
005 - DATE AND TIME OF LATEST TRANSACTION
control field 20211209082334.0
008 - FIXED-LENGTH DATA ELEMENTS--GENERAL INFORMATION
fixed length control field 170527s1970 ii a b 001 0 eng d
020 ## - INTERNATIONAL STANDARD BOOK NUMBER
Terms of availability : IRs. 13.50
035 ## - SYSTEM CONTROL NUMBER
System control number (BD-RjUL)73226
040 ## - CATALOGING SOURCE
Original cataloging agency DLC
Transcribing agency DLC
Modifying agency DLC
-- BD-RjU
Language of cataloging eng
041 ## - LANGUAGE CODE
Language code of text/sound track or separate title eng
082 00 - DEWEY DECIMAL CLASSIFICATION NUMBER
Edition number 23
Classification number 599.935
Author mark and year WHH 1970
100 1# - MAIN ENTRY--PERSONAL NAME
Personal name Whittinghill, Maurice.
Dates associated with a name 1909-1998.
9 (RLIN) 215917
245 10 - TITLE STATEMENT
Title Human genetics and its foundations /
Statement of responsibility, etc. Maurice Whittinghill.
250 ## - EDITION STATEMENT
Edition statement Indian ed.
260 ## - PUBLICATION, DISTRIBUTION, ETC. (IMPRINT)
Place of publication, distribution, etc. Calcutta :
Name of publisher, distributor, etc. Oxford & IBH Publishing co. ,
Date of publication, distribution, etc. 1970
300 ## - PHYSICAL DESCRIPTION
Pagination xvi, 431 p. :
Illustrations ill. ;
Size 24 cm.
490 0# - SERIES STATEMENT
Series statement Reinhold books in the biological sciences.
504 ## - BIBLIOGRAPHY, ETC. NOTE
Bibliography, etc Includes bibliographies and Indexes.
650 #0 - SUBJECT ADDED ENTRY--TOPICAL TERM
Topical term or geographic name as entry element Human genetics.
9 (RLIN) 215918
830 ## - SERIES ADDED ENTRY--UNIFORM TITLE
Uniform title Reinhold books in the biological sciences.
942 ## - ADDED ENTRY ELEMENTS (KOHA)
Source of classification or shelving scheme Dewey Decimal Classification
Koha item type Books
Holdings
Lost status Source of classification or shelving scheme Damaged status Not for loan Collection code Permanent Location Current Location Shelving location Date acquired Source of acquisition Cost, normal purchase price Total Checkouts Full call number Date last seen Copy number Koha item type
  Dewey Decimal Classification   Not For Loan Non-fiction Central Library, University of Rajshahi Central Library, University of Rajshahi Reading Room 24/06/1982 Standard publishers 40.50   599.935 WHH 1970 27/05/2017 C-1 Books